| 000 | 00495cam a2200193ua 4500 | ||
|---|---|---|---|
| 001 | 985 | ||
| 008 | 110425n ii |||gr||||Z||||||eng | ||
| 040 | _cMAIN | ||
| 082 | _a351 | ||
| 245 | 1 |
_aPublic administration. _cBy Marshal Edward Dimock. |
|
| 250 | _a3rd. | ||
| 260 |
_aDelhi.: _bOxford.,964. |
||
| 300 |
_aviii, 418 p.: _c24 cm. |
||
| 653 | _aPolitical science. | ||
| 653 | _aPublic administration. | ||
| 700 | 1 | _aDimock, Marshal Edward., | |
| 700 | 1 | _aDimock, Gladys Ogden., | |
| 942 | _cBK | ||
| 999 |
_c904 _d904 |
||